RC Celta de Vigo Squad 2024-2025 - Statistics

General Stats
  • This quiz has been taken 196 times
    79 since last reset
  • The average score is 19 of 29
Answer Stats
# Position Nation Player % Correct
10 FW Spain Iago Aspas
98%
7 FW Spain Borja Iglesias
84%
17 FW Ivory Coast Jonathan Bamba
80%
9 FW Greece Anastasios Douvikas
78%
2 DF Sweden Carl Starfelt
78%
6 MF Guinea Ilaix Moriba
78%
13 GK Spain Vicente Guaita
78%
3 DF Spain Óscar Mingueza
76%
8 MF Spain Fran Beltrán
74%
15 DF Ghana Joseph Aidoo
72%
20 DF Spain Marcos Alonso
72%
11 FW Argentina Franco Cervi
70%
- Coach Spain Claudio Giráldez
68%
19 MF Sweden Williot Swedberg
68%
14 MF United States Luca de la Torre
66%
21 DF Serbia Mihailo Ristić
66%
1 GK Spain Iván Villar
64%
16 MF Brazil Jailson
64%
32 DF Spain Javi Rodríguez
64%
5 DF Spain Sergio Carreira
64%
12 FW Spain Alfon González
62%
23 FW Spain Hugo Álvarez
62%
4 MF Spain Hugo Sotelo
62%
25 MF Spain Damián Rodríguez
60%
18 FW Spain Pablo Durán
58%
24 DF Spain Carlos Domínguez
56%
23 FW Argentina Tadeo Allende
48%
22 DF Spain Javier Manquillo
44%
14 FW Spain Iker Losada
34%
No matching quizzes found
Score Distribution
Percent of People with Each Score
Percentile by Number Answered
Your Score History
You have not taken this quiz since the last reset